[Event "NED-ch U13 Girls"]
[Site "Rijswijk"]
[Date "2005.05.07"]
[Round "9"]
[White "Uytenhout, Petra"]
[Black "Ter Schegget, Sanne"]
[Result "0-1"]
[WhiteElo "1000"]
[BlackElo "1033"]
[PlyCount "90"]
[EventDate "2005.05.05"]
[EventType "swiss"]
[EventRounds "9"]
[EventCountry "NED"]
[SourceTitle "EXT 2013"]
[Source "ChessBase"]
[SourceDate "2012.11.22"]
[SourceVersion "1"]
[SourceVersionDate "2012.11.22"]
[SourceQuality "1"]

1. e4 Nf6 2. Nf3 Nxe4 3. Qe2 Nf6 4. Ne5 d6 5. Nf3 Bg4 6. h3 Bf5 7. Nh4 Bxc2 8. Qc4 Bxb1 9. Rxb1 Nc6 10. Bd3 g6 11. 0-0 Bg7 12. Nf3 0-0 13. Ng5 Ne5 14. Qh4 Nxd3 15. b3 h6 16. Nf3 Nd5 17. Ba3 a5 18. Ne1 e6 19. Nxd3 Qxh4 20. g3 Qxh3 21. Rfe1 Bd4 22. Bb2 Qxg3+ 23. Kf1 Qxd3+ 24. Kg2 Qxd2 25. Red1 Qxf2+ 26. Kh3 Bxb2 27. Rf1 Qe3+ 28. Kg4 f5+ 29. Kh4 Qe2 30. Kh3 Nf4+ 31. Rxf4 Qe3+ 32. Kg2 Qxf4 33. Rxb2 Qe4+ 34. Kf1 Qd3+ 35. Kg2 Ra6 36. a3 Rc6 37. b4 Rc2+ 38. Rxc2 Qxc2+ 39. Kf3 Qc4 40. bxa5 Ra8 41. a6 Rxa6 42. a4 Rxa4 43. Kf2 Qb3 44. Ke2 Ra2+ 45. Ke1 Qb1# 0-1

[Event "NED-ch U13 Girls"]
[Site "Rijswijk"]
[Date "2005.05.06"]
[Round "5"]
[White "Uytenhout, Petra"]
[Black "Braem, Carlijn"]
[Result "0-1"]
[WhiteElo "1000"]
[BlackElo "925"]
[PlyCount "52"]
[EventDate "2005.05.05"]
[EventType "swiss"]
[EventRounds "9"]
[EventCountry "NED"]
[SourceTitle "EXT 2013"]
[Source "ChessBase"]
[SourceDate "2012.11.22"]
[SourceVersion "1"]
[SourceVersionDate "2012.11.22"]
[SourceQuality "1"]

1. e4 e5 2. Nf3 Nc6 3. Bb5 d6 4. Bxc6+ bxc6 5. 0-0 Nf6 6. Nc3 Ba6 7. Re1 d5 8. exd5 cxd5 9. d4 e4 10. Bg5 Be7 11. Ne5 0-0 12. Nc6 Qd6 13. Nxe7+ Qxe7 14. f3 Qe6 15. fxe4 Nxe4 16. Nxe4 dxe4 17. c3 Bb7 18. Qc2 Qg6 19. Be7 e3 20. Re2 Rfe8 21. Rxe3 Qxc2 22. Rg3 Rxe7 23. h4 Re2 24. Kh2 Rxg2+ 25. Kh3 Bc8+ 26. Rg4 Bxg4# 0-1

[Event "NED-ch U13 Girls"]
[Site "Rijswijk"]
[Date "2005.05.05"]
[Round "2"]
[White "Kok, Donna"]
[Black "Uytenhout, Petra"]
[Result "1-0"]
[WhiteElo "1304"]
[BlackElo "1000"]
[PlyCount "55"]
[EventDate "2005.05.05"]
[EventType "swiss"]
[EventRounds "9"]
[EventCountry "NED"]
[SourceTitle "EXT 2013"]
[Source "ChessBase"]
[SourceDate "2012.11.22"]
[SourceVersion "1"]
[SourceVersionDate "2012.11.22"]
[SourceQuality "1"]

1. e4 e5 2. Nf3 Nc6 3. Bc4 Nf6 4. Nc3 Bb4 5. d3 Bxc3+ 6. bxc3 0-0 7. 0-0 Ng4 8. h3 Nf6 9. Qe2 Ne8 10. Bg5 Ne7 11. Nxe5 d6 12. Ng4 d5 13. Bxd5 Qd6 14. Bc4 Nc6 15. f4 Qc5+ 16. d4 Qa3 17. Qf3 Qa4 18. Bb3 Qa3 19. f5 b6 20. f6 Nxf6 21. Nxf6+ gxf6 22. Bxf6 Qd6 23. e5 Qd7 24. Qg3+ Qg4 25. hxg4 Ba6 26. Qh4 Bxf1 27. Qh6 Bxg2 28. Qg7# 1-0

[Event "NED-ch U13 Girls"]
[Site "Rijswijk"]
[Date "2005.05.05"]
[Round "1"]
[White "Uytenhout, Petra"]
[Black "Kirana, Nancy"]
[Result "0-1"]
[WhiteElo "1000"]
[BlackElo "1336"]
[PlyCount "102"]
[EventDate "2005.05.05"]
[EventType "swiss"]
[EventRounds "9"]
[EventCountry "NED"]
[SourceTitle "EXT 2013"]
[Source "ChessBase"]
[SourceDate "2012.11.22"]
[SourceVersion "1"]
[SourceVersionDate "2012.11.22"]
[SourceQuality "1"]

1. e4 e5 2. Nf3 Nc6 3. Bb5 Nf6 4. Bxc6 bxc6 5. Nxe5 Qe7 6. d4 c5 7. 0-0 d6 8. Nf3 Qd8 9. Bg5 Be7 10. Nc3 h6 11. Bxf6 Bxf6 12. Nd5 0-0 13. Nxf6+ Qxf6 14. dxc5 dxc5 15. e5 Qc6 16. Nh4 Be6 17. Qd3 Rad8 18. Qg3 Rd4 19. h3 Rd5 20. c4 Rdd8 21. Rac1 Rd4 22. Nf3 Rxc4 23. Rxc4 Bxc4 24. Rc1 Bd5 25. Nh4 Be6 26. Rc3 Rd8 27. f3 Qd5 28. Rc1 Qd3 29. Rf1 Bc4 30. Qf2 Qxf1+ 31. Qxf1 Bxf1 32. Kxf1 Rd2 33. Ke1 Rxb2 34. a3 c4 35. Kd1 c3 36. Kc1 Rb3 37. Kc2 Rxa3 38. f4 a5 39. f5 a4 40. e6 fxe6 41. fxe6 Kf8 42. Nf5 Rb3 43. e7+ Ke8 44. Nd4 Rb2+ 45. Kxc3 Rxg2 46. Nf5 a3 47. Kb3 a2 48. Kc4 a1Q 49. Nh4 Qa4+ 50. Kd5 Rg5+ 51. Ke6 Qc6# 0-1

[Event "NED-ch U13 Girls"]
[Site "Rijswijk"]
[Date "2005.05.05"]
[Round "3"]
[White "Vendelbosch, Anouk"]
[Black "Uytenhout, Petra"]
[Result "1-0"]
[WhiteElo "966"]
[BlackElo "1000"]
[PlyCount "63"]
[EventDate "2005.05.05"]
[EventType "swiss"]
[EventRounds "9"]
[EventCountry "NED"]
[SourceTitle "EXT 2013"]
[Source "ChessBase"]
[SourceDate "2012.11.22"]
[SourceVersion "1"]
[SourceVersionDate "2012.11.22"]
[SourceQuality "1"]

1. e4 e5 2. Nf3 Nc6 3. Nc3 Bb4 4. Bc4 Nf6 5. d3 0-0 6. Bg5 d6 7. a3 Bxc3+ 8. bxc3 Be6 9. Bb5 a6 10. Bxc6 bxc6 11. d4 exd4 12. Qxd4 c5 13. Qd3 Ng4 14. Bxd8 Raxd8 15. 0-0 c4 16. Qd4 c5 17. Qd2 d5 18. Qf4 f5 19. exd5 Bxd5 20. Nh4 Nh6 21. Rae1 Rfe8 22. Rxe8+ Rxe8 23. Nxf5 Nxf5 24. Qxf5 Bf7 25. Rd1 Bg6 26. Qf4 Bh5 27. g4 Bg6 28. Rd7 Rf8 29. Qe5 Rf7 30. Rd8+ Rf8 31. Qe6+ Kh8 32. Rxf8# 1-0